Geology of the Tesla quadrangle, California. (Record no. 28268)

MARC details
000 -LEADER
fixed length control field 00831cam a22002531 4500
001 - CONTROL NUMBER
control field gs 48000088
003 - CONTROL NUMBER IDENTIFIER
control field DLC
005 - DATE AND TIME OF LATEST TRANSACTION
control field 20260227111354.0
008 - FIXED-LENGTH DATA ELEMENTS--GENERAL INFORMATION
fixed length control field 770812s1948 caua 000 0 eng c
010 ## - LIBRARY OF CONGRESS CONTROL NUMBER
LC control number gs 48000088
035 ## - SYSTEM CONTROL NUMBER
System control number (OCoLC)3183003
040 ## - CATALOGING SOURCE
Original cataloging agency U.S. Geol. Survey. Library
Transcribing agency TxEU
Modifying agency DLC
042 ## - AUTHENTICATION CODE
Authentication code premarc
050 00 - LIBRARY OF CONGRESS CALL NUMBER
Classification number TN24.C2
Item number A3 no. 140
082 ## - DEWEY DECIMAL CLASSIFICATION NUMBER
Classification number 557.94
100 1# - MAIN ENTRY--PERSONAL NAME
Personal name Huey, Arthur Sidney,
Dates associated with a name 1909.
245 10 - TITLE STATEMENT
Title Geology of the Tesla quadrangle, California.
260 ## - PUBLICATION, DISTRIBUTION, ETC.
Place of publication, distribution, etc. San Francisco,
Date of publication, distribution, etc. 1948.
300 ## - PHYSICAL DESCRIPTION
Extent 75 p.
Other physical details illus., plates (1 fold. in pocket) maps (part fold., 2 in pocket)
Dimensions 23 cm.
410 10 - SERIES STATEMENT/ADDED ENTRY--CORPORATE NAME [OBSOLETE, CAN/MARC], [LOCAL, USA]
Corporate name or jurisdiction name as entry element California.
Subordinate unit Division of Mines and Geology.
Title of a work Bulletin
Volume number/sequential designation 140
504 ## - BIBLIOGRAPHY, ETC. NOTE
Bibliography, etc. note Bibliography: p. 70-72.
650 #0 - SUBJECT ADDED ENTRY--TOPICAL TERM
Topical term or geographic name entry element Geology
Geographic subdivision California
-- Tesla quadrangle.
740 02 - ADDED ENTRY--UNCONTROLLED RELATED/ANALYTICAL TITLE
Uncontrolled related/analytical title Tesla quadrangle, California.

No items available.

Powered by Koha